000 00564nam a2200229Ia 4500
003 OSt
005 20220924132514.0
006 a|||||r|||| 00| 0
007 ta
008 220923b |||||||| |||| 00| 0 san d
024 _a58875
037 _cTextual
040 _aARTS
_cARTS
_bsan
041 _2san
_asan
082 _aQ2zx, 15J5
100 _aSayanacarya
245 0 _aPuruengtha sudhanidhi ed by T Candrasekharan
260 _c1955
650 _aRELIGION
942 _hQ2zx, 15J5
_cTEXL
_2CC
999 _c430444
_d430444